| 000 | 00576 a2200205 4500 | ||
|---|---|---|---|
| 005 | 20260116145322.0 | ||
| 008 | 260114b |||||||| |||| 00| 0 eng d | ||
| 020 |
_a9789375249523 _cRs. 1000.00 |
||
| 040 | _aMAIN | ||
| 082 |
_a796.071 _bK114S |
||
| 100 | _aKad, Ganesh | ||
| 110 | _a | ||
| 245 | _aSharirik shiksha mein khel prabandhan tatha pathyakram yojna | ||
| 260 |
_bKhel Sahitya Kendra _c2025 _aNew Delhi |
||
| 300 | _aviii, 208 | ||
| 650 | _aPhysical Education | ||
| 650 | _aSports Management | ||
| 650 | _aCurriculum in Physical Education | ||
| 942 | _cBK | ||
| 999 |
_c393726 _d393726 |
||